|
|
|
|
| LEADER |
00862nam#a2200253#a#4500 |
| 001 |
001803 |
| 005 |
20160721142157.0 |
| 008 |
960520s1992####ve##################spa#d |
| 020 |
|
|
|a 9803170341
|
| 040 |
|
|
|a AR-BeUNQ
|
| 099 |
|
|
|a 01-C14
|
| 245 |
0 |
0 |
|a Sistemas políticos : poder y sociedad : estudios de casos en América latina
|
| 260 |
|
|
|a Caracas :
|b Nueva sociedad,
|c 1992
|
| 300 |
|
|
|a 355 p
|
| 611 |
2 |
4 |
|a Congreso de la Asociación Latinoamericana de Sociología :
|c La Habana)
|
| 650 |
|
7 |
|a POLITICA
|2 spines
|
| 650 |
|
7 |
|a SISTEMAS POLITICOS
|2 spines
|
| 650 |
|
7 |
|a SOCIEDAD
|2 toit
|
| 650 |
|
7 |
|a PODER POLITICO
|2 spines
|
| 651 |
|
7 |
|a AMERICA LATINA
|2 toit
|
| 711 |
2 |
|
|a Congreso de la Asociación Latinoamericana de Sociología (
|c La Habana)
|d 18 : 1991 :
|
| 929 |
|
|
|a COMPRA
|b Prometeo
|d 4,00E
|e 19981020
|g Exp. 0387/98
|j 14401
|
| 942 |
|
|
|c LIB
|n 0
|
| 999 |
|
|
|c 4604
|d 79991
|